<?xml version="1.0" encoding="UTF-8"?><?xml-stylesheet type="text/xsl" href="static/style.xsl"?><OAI-PMH xmlns="http://www.openarchives.org/OAI/2.0/" xmlns:xsi="http://www.w3.org/2001/XMLSchema-instance" xsi:schemaLocation="http://www.openarchives.org/OAI/2.0/ http://www.openarchives.org/OAI/2.0/OAI-PMH.xsd"><responseDate>2026-04-28T07:04:10Z</responseDate><request verb="GetRecord" identifier="oai:riubu.ubu.es:10259/8590" metadataPrefix="marc">https://riubu.ubu.es/oai/request</request><GetRecord><record><header><identifier>oai:riubu.ubu.es:10259/8590</identifier><datestamp>2024-02-06T01:05:29Z</datestamp><setSpec>com_10259_8005</setSpec><setSpec>com_10259_5086</setSpec><setSpec>com_10259_2604</setSpec><setSpec>col_10259_8006</setSpec></header><metadata><record xmlns="http://www.loc.gov/MARC21/slim" xmlns:doc="http://www.lyncode.com/xoai" xmlns:xsi="http://www.w3.org/2001/XMLSchema-instance" xmlns:dcterms="http://purl.org/dc/terms/" xsi:schemaLocation="http://www.loc.gov/MARC21/slim http://www.loc.gov/standards/marcxml/schema/MARC21slim.xsd">
<leader>00925njm 22002777a 4500</leader>
<datafield tag="042" ind1=" " ind2=" ">
<subfield code="a">dc</subfield>
</datafield>
<datafield tag="720" ind1=" " ind2=" ">
<subfield code="a">Antón Merino, Javier</subfield>
<subfield code="e">author</subfield>
</datafield>
<datafield tag="260" ind1=" " ind2=" ">
<subfield code="c">2022</subfield>
</datafield>
<datafield tag="520" ind1=" " ind2=" ">
<subfield code="a">Con apenas veinte años de recorrido, el Parlamento escocés acaba de empezar su sexta legislatura. El 6 de mayo de 2021 se celebraron las últimas elecciones para elegir a los representantes de esta joven institución. En este texto, prestando especial atención a la última convocatoria electoral, se pretende realizar un análisis histórico y descriptivo en el que se examinará el sistema electoral, el sistema de partidos, los resultados electorales y el modelo de selección de candidatos para el puesto de First Minister en Escocia. Además, este escrito también ofrece una contextualización de algunos de los principales debates que acaparan la actualidad política de los escoceses.</subfield>
</datafield>
<datafield tag="520" ind1=" " ind2=" ">
<subfield code="a">The Scottish Parliament, with barely over twenty years of history, has just begun its sixth legislature. On the 6th of May 2021, last elections were held to elect the representatives of this young institution. The aim of this text, paying special attention to the last election, is to carry out a historical and descriptive analysis in which the electoral system, the party system, the electoral results, and the model of selection of the First Minister of Scotland are studied. In addition, this paper also offers a contextualization of some of the main debates that are currently dominating Scottish politics.</subfield>
</datafield>
<datafield tag="024" ind2=" " ind1="8">
<subfield code="a">2172-0223</subfield>
</datafield>
<datafield tag="024" ind2=" " ind1="8">
<subfield code="a">http://hdl.handle.net/10259/8590</subfield>
</datafield>
<datafield ind1=" " ind2=" " tag="653">
<subfield code="a">Escocia</subfield>
</datafield>
<datafield ind1=" " ind2=" " tag="653">
<subfield code="a">Comportamiento electoral</subfield>
</datafield>
<datafield ind1=" " ind2=" " tag="653">
<subfield code="a">Sistema electoral</subfield>
</datafield>
<datafield ind1=" " ind2=" " tag="653">
<subfield code="a">Partidos políticos</subfield>
</datafield>
<datafield ind1=" " ind2=" " tag="653">
<subfield code="a">Secesionismo</subfield>
</datafield>
<datafield ind1=" " ind2=" " tag="653">
<subfield code="a">Scotland</subfield>
</datafield>
<datafield ind1=" " ind2=" " tag="653">
<subfield code="a">Electoral behaviour</subfield>
</datafield>
<datafield ind1=" " ind2=" " tag="653">
<subfield code="a">Electoral system</subfield>
</datafield>
<datafield ind1=" " ind2=" " tag="653">
<subfield code="a">Political parties</subfield>
</datafield>
<datafield ind1=" " ind2=" " tag="653">
<subfield code="a">Secessionism</subfield>
</datafield>
<datafield tag="245" ind1="0" ind2="0">
<subfield code="a">Escocia, ¿secesionismo o europeísmo?</subfield>
</datafield>
</record></metadata></record></GetRecord></OAI-PMH>